01522nas a2200385 4500001001300000003000900013005001700022007000300039008003400042040005400076041000900130072000800139100002200147100001600169100001600185100002200201100002800223100001700251100001800268100001900286245018600305246018600491650001100677650001100688650002000699650002300719650001400742650002000756650002700776773010100803909004000904942001800944999001900962952015500981BR2012005100BR-BrBNA20231205120831.0ta230509b bl.|||p| |||| 00| 00por d aBR-BrBNAbporcBiblioteca Nacional de Agricultura a(En) aH101 aRibeiro, P. de A.1 aSujii, E.R.1 aDiniz, I.R.1 aMedeiros, M.A. de1 aSalgado-Labouriau, M.L.1 aBranco, M.C.1 aPires, C.S.S.1 aFontes, E.M.G.1 aAlternative food sources and Overwintering feeding behavior of the boll weevil, Anthonomus grandis Boheman (Coleoptera: Curculionidae)under the Tropical conditions of Central Brazil1 aAlternative food sources and Overwintering feeding behavior of the boll weevil, Anthonomus grandis Boheman (Coleoptera: Curculionidae)under the Tropical conditions of Central Brazil aBICUDO aINSETO aPRAGA DE PLANTA aANTHONOMUS GRANDIS aALGODÃO aALIMENTAÇÃO aCONDIÇÃO AMBIENTAL0 tNeotropical Entomology (Brazil)xISSN 1519-566Xg(Jan-Feb 2010), v. 39(1) p. 28-34wBR2012005100 a202311bLúciac55dLúcia Elande 2AGRISn0cANA c220555d220555 002AGRIS4071a41918b41918cPeriódicos Agrícolash(Jan-Feb 2010), v. 39(1) p. 28-34l0r2023-11-29t01yCRePortaria Interministerial nº 164/94